LEADER 02090nam 22003493a 450 001 9910832986203321 005 20250123132253.0 035 $a(CKB)4950000000290427 035 $a(ScCtBLL)0758a8dc-bebd-43a4-925b-e0c332301f41 035 $a(OCoLC)1000349304 035 $a(EXLCZ)994950000000290427 100 $a20250123i19812016 uu 101 0 $aeng 135 $auru|||||||||| 181 $ctxt$2rdacontent 182 $cc$2rdamedia 183 $acr$2rdacarrier 200 00$aContinuum Electromechanics$fJames R. Melcher 210 1$aCambridge, Massachusetts :$cThe M.I.T. Press,$d1981. 215 $a1 online resource (635 p.) 330 $aFirst published in 1981 by M.I.T. Press, Continuum Electromechanics, courtesy of M.I.T. Press and used with permission, provides a solid foundation in electromagnetics, particularly conversion of energy between electrical and mechanical forms. Topics include: electrodynamic laws, electromagnetic forces, electromechanical kinematics, charge migration, convection, relaxation, magnetic diffusion and induction interactions, laws and approximations of fluid mechanics, static equilibrium, electromechanical flows, thermal and molecular diffusion and streaming interactions. The applications covered include transducers, rotating machines, Van de Graaff machines, image processing, induction machines, levitation of liquid metals, shaping of interfaces in plastics and glass processing, orientation of ferrofluid seals, cryogenic fluids, liquid crystal displays, thunderstorm electrification, fusion machines, magnetic pumping of liquid metals, magnetohydrodynamic power generation, inductive and dielectric heating, electrophoretic particle motion, electrokinetic and electrocapillary interactions in biological systems and electron beams. 606 $aScience$2bisacsh 606 $aScience 615 7$aScience 615 0$aScience. 700 $aMelcher$b James R$026926 801 0$bScCtBLL 801 1$bScCtBLL 906 $aBOOK 912 $a9910832986203321 996 $aContinuum electromechanics$9333145 997 $aUNINA